Winds of change : economic transition in Central and Eastern Europe

Bibliographic Details
Main Authors: Gros, Daniel , 1955- (Author), Steinherr, Alfred (Author)
Format: Book
Published: Harlow, England : Financial Times-Prentice Hall , 1995
Subjects:

MARC

LEADER 00000cam a2200000 7i4500
001 0000037607
005 20170313093000.0
008 021119s1995
020 |a 0582102707 
090 0 0 |a HC244   |b .G695 1995 
100 0 |a Gros, Daniel ,   |d 1955- ,   |e author 
245 0 0 |a Winds of change :   |b economic transition in Central and Eastern Europe   |c Daniel Gros and Alfred Steinherr 
260 2 |a Harlow, England :   |b Financial Times-Prentice Hall ,   |c 1995 
300 |a xv, 544 p. ; ;   |c 24 cm. 
504 |a Includes bibliographical references and index 
651 0 |a Europe, Eastern   |x Economic conditions   |y 1989- 
651 0 |a Europe, Eastern   |x Economic policy   |y 1989- 
651 0 |a Former Soviet republics   |x Economic conditions 
651 0 |a Former Soviet republics   |x Economic policy 
700 0 |a Steinherr, Alfred ,   |e author 
999 |a 1000084452   |b Book   |c OPEN SHELF (30 DAYS)   |e Gong Badak Campus